Test de Velocidad de Reacción y Dactilografía - Estadísticas

Estadísticas generales
  • Esta prueba ha sido intentada 155 veces
  • La puntuación promedio es 7 de 12
Estadísticas de respuestas
Imagen Respuesta % Correcto
Siete
100%
Cinco mil noventa y uno
93%
Por el... es broma XD
92%
Seis con setenta y ocho
86%
Cien mil nueve
80%
Quinientos dos
67%
Novecientos noventa y nueve millones novecientos noventa y nueve mil novecientos noventa y nueve
54%
Diez
42%
Setecientos sesenta y siete mil setecientos sesenta y siete
33%
Tres mil veinte
26%
Trescientos dos
15%
Veinticuatro
14%
No se encontraron pruebas coincidentes
Distribución de puntuación
Porcentaje de gente con cada puntuación
Porcentaje por número respondido
Historial de tus puntuaciones
No has intentado esta prueba.